Incollable - Maths-Français - Statistiques

Statistiques générales
  • Ce quiz a été pris 410 fois
  • Le résultat moyen est 16 sur 20
Statistiques - réponses
Niveaux Questions Réponses % Correct
CM1 Quel est le poids moyen d’un poulet ? 2000g | 2kg
96%
CE1 Julien avait 30 billes, il en perd 6. Combien lui en reste-t-il ? 24
96%
Lycée Quel nombre entier est égal à (2/4)+(1/2) ? 1
94%
Lycée Combien le verbe aller a-t-il de radicaux ? 3 (va; ir: all)
94%
CM1 Anna achète un journal à 3,80 € et un crayon à 1,20 €. Combien a-t-elle dépensé ? 5 €
94%
CE1 Dans le dictionnaire ou le lexique, à quelle lettre cherche-t-on le mot « chien » ? C
94%
CP Tim, Agathe et Arthur comptent les doigts de leurs mains. Combien en ont-ils en tout ? 30
92%
CE2 Quel est le double de 17 ? 34
92%
CE2 Dans une bibliothèque, il y a 5 rangées de 20 livres. Combien y a-t-il de livre ? 100 livres
91%
CE2 Léo achète 2 € de bonbon et un magazine à 3,50 €. Combien a-t-il dépensé ? 5,5 €
91%
CM1 Calcule: 2 h 20 + 3 h 40. 6 heures
91%
CP Comment appelle-t-on l’objet qui sert à effacer le crayon à papier ? La gomme
91%
CE1 Quelle unité utilise-t-on pour calculer la masse d’une personne ? Le kilogramme
91%
CE2 « Tulipe » est-il un nom propre ou un nom commun ? Un nom commun
91%
Collège Combien mesure un angle plat ? 180°
90%
CM2 Quel nombre est égal à 10-4,5 ? 5,5
89%
CE2 Quel verbe est de la même famille que l’adjectif « rouge » ? Rougir | Rougeoyer
89%
CP Comment appelle-t-on une femme qui fait du ski ? Une skieuse
89%
CM2 Quel est le féminin de « rédacteur » ? Rédactrice
88%
CE2 En mathématique, quelle opération utilise-t-on pour effectuer un partage ? Une division
88%
CM2 Quel nombre décimal est égal à 2587/1000 2,587
87%
CP Complète cette suite : 23; 25; 27; ... 29
87%
CM1 Le téléphone a été conçu 201 ans après la montre, qui date de 1675. En quelle année a-t-il été inventé ? En 1876
87%
CE1 Met le verbe de cette phrase au futur: « Les enfants mangent des glaces ». Mangeront
87%
CE1 Dans le dictionnaire ou le lexique, le mot « lapin » vient-il avant ou après le mot « poule » ? Avant
86%
CE2 Conjugue le verbe « aller » à la première personne du singulier du futur de l’indicatif. J’irai
86%
Collège Quelle figure géométrique admet une infinité d’axes de symétrie ? Le cercle
86%
Collège Je suis une lettre qui accompagne souvent le lettre U. Que suis-je ? Le Q
86%
CE1 Peut-on acheter un gâteau à 8 € avec trois pièces de 1 € et 2 pièce de 2 € ? Non (il manque un euro)
86%
CE2 Quel est le nombre pair inférieur à trente dont le chiffre des dizaines est égal au chiffre des unités ? 22
85%
CE2 Par quel pronom personnel peut-on remplacer le groupe nominal « ma sœur et moi » ? Nous
85%
CM1 Conjugue le verbe « boire » à la deuxième personne du singulier de l’imparfait de l’indicatif. Tu buvais
84%
Collège Que signifie le préfixe « micro » ? Petit (provient du grec mikros qui veut dire petit)
81%
CE1 Comment appelle-t-on la forme géométrique composée d’une ligne courbe fermée ? Un cercle
81%
CM1 Quel est le plus petit nombre de sept chiffres 1 000 000
79%
CM2 Quel préfixe doit-on ajouter à l’adjectif « dérapant » pour exprimer son contraire ? Anti (antidérapant)
78%
CM2 Un mur vaut 1,75 m de haut. On le rehausse de 500 mm. Quelle est sa hauteur ? 2,25 mètres
75%
Lycée Quel est le pluriel du mot « bail » ? Baux
75%
CM2 Comment appelle-t-on la personne qui fait les dessins d’un livre ? L’illustrateur
74%
Collège Une voiture roule à 80 km/h. En combien de temps parcourt-elle 60 km ? 45 minutes (soit 40 km en 30 minutes et 20 km en 15 minutes)
71%
CM1 Dans un livre, comment appelle-t-on le petit texte qui accompagne un dessin ou une photo ? La légende
70%
Collège Quelle identité remarquable se cache derrière (a+b)(a-b)? a² – b²
69%
CM1 Comment appelle-t-on une femme qui pratique l’équitation ? Une cavalière | Une écuyère
66%
Collège Quel mot, commençant par S, est le contraire de l’hypocrisie ? La sincérité
61%
CM1 Comment appelle-t-on la personne qui envoie une lettre ? L’expéditeur
57%
Lycée Au féminin, quel mot emploie-t-on pour l’adjectif « hébreu » ? Hébraïque
55%
Collège Combien vaut 777/3 ? 259
50%
Lycée Quel préfixe signifie « dix fois plus petit » ? Deci
48%
Lycée Comment écrit-on 555 en chiffres romains ? DLV
44%
Lycée Comment appelle-t-on un amateur de mots croisés ? Un cruciverbiste
35%
Lycée Quel nombre est égal à (678,2-19,438)*(10^3) ? 658762
33%
Collège Quel est le groupe verbal dans la phrase: « Des enfants ramassaient tous ensemble des pommes. » ? Ramassaient des pommes
28%
Lycée Quel mot désigne: « une strophe ou un poème de neuf vers » ? Un neuvain
26%
Aucun quiz correspondant
Distribution des résultats
% des personnes avec chaque résultat
Percentile par nombre de réponses
Votre historique - résultats
Vous n’avez pas pris ce quiz